000 00634nam a2200229Ia 4500
003 OSt
005 20221005075431.0
006 a|||||r|||| 00| 0
007 ta
008 221004b |||||||| |||| 00| 0 eng d
024 _a60621
037 _cTextual
040 _aCRL
_cCRL
_beng
041 _2eng
_aeng
082 _aV2:25xM91, N2
245 0 _aStrategies for removal of social inequality
_b Report of the national seminar on Baba Saheb Ambedkar.
260 _aNew Delhi
_bN C E R T
_c1992
300 _a93p.
_ccm.
650 _aHISTORY
942 _hV2:25xM91, N2
_cTEXL
_2cc
999 _c984551
_d984551